Conferencias sobre pedagogía socialista : primera parte.

Na minha lista:
Detalhes bibliográficos
Autor Corporativo: Cuba, Ministerio de Educación
Formato: Livro
Idioma:espanhol
Colecção:(Jornadas pedagógicas ; no. 1)
Assuntos:
Tags: Adicionar Tag
Sem tags, seja o primeiro a adicionar uma tag!

MARC

LEADER 00000cam^a2200000uu^4500
001 000475704
005 20250521000000.0
008 050901s1973^^^^^^^^^^^^rd^r^^000^0^spa^d
009 20260310124808.152
035 |a FCE 000018570 
035 |a FCE 022548 
037 |a Acervo ITESO - Biblioteca 
041 |a spa 
082 0 4 |a 370.335  |b JP 1 
110 |a Cuba,  |b Ministerio de Educación 
245 1 0 |a Conferencias sobre pedagogía socialista :  |b primera parte. 
264 |a La Habana :  |b Ministerio de Educación,  |c 1973. 
300 |a 131 p. 
336 |a texto  |b txt  |2 rdacontenido 
337 |a sin mediación  |b n  |2 rdamedio 
338 |a volumen  |b nc  |2 rdasoporte 
440 0 |a (Jornadas pedagógicas ;  |v no. 1) 
611 4 |a Conferencia 
649 |a XX 
650 |a Sistema educativo 
650 |a Experiencia educativa 
650 |a Educación socialista 
650 |a Orientación profesional 
650 |a Pedagogía 
650 |a Investigación educacional 
650 |a URSS 
910 |a Fondo Centro de Estudios Educativos 
920 |a Impresos - Libros 
930 |a Fondos Especiales 
905 |a 133 
901 |a ALE022548  |b IT2  |c CEE  |u 20250521 
902 |a https://opac.biblio.iteso.mx/vufind/Record/000475704